[Event "Novgorod op"]
[Site "Novgorod"]
[Date "1999.03.24"]
[Round "6"]
[White "Akhmadeev, Vadim"]
[Black "Filipenko, Alexander V"]
[Result "0-1"]
[WhiteElo "2467"]
[BlackElo "2360"]

1.e4 c5 2.Nf3 d6 3.d4 Nf6 4.Nc3 cxd4 5.Nxd4 Nc6 6.Bg5 e6 7.Qd2 a6 8.O-O-O Bd7
9.f3 Qc7 10.Kb1 Be7 11.h4 h6 12.Be3 h5 13.Qf2 Ne5 14.Nb3 b5 15.Bb6 Qb8 16.a3 O-O
17.Na5 Rc8 18.Na2 Be8 19.Bd3 d5 20.exd5 Nxd5 21.Bd4 Nxd3 22.Rxd3 Qc7 23.b4 f6
24.Re1 Bg6 25.Rd2 Kf7 26.g3 e5 27.Bb2 Rd8 28.Ka1 Nb6 29.Nc3 Rxd2 30.Qxd2 Rd8
31.Qe2 Nd5 32.Nxd5 Rxd5 33.Rc1 Qd7 34.Nb3 Qd6 35.Bc3 Bd8 36.Kb2 Bb6 37.Re1 Kg8
38.Nd2 Qd8 39.Nb3 Rd6 40.Rc1 Rc6 41.Be1 Bd4+ 42.c3 Bb6 43.Rd1 Rd6 44.Rxd6 Qxd6
45.Nc1 Qd5 46.Bf2 Bd8 47.Be3 Be7 48.Nb3 Bf7 49.Nc1 g5 50.Bf2 Bf8 51.Be3 Bg6
52.hxg5 fxg5 53.Bxg5 e4 54.Qd2 Qxd2+ 55.Bxd2 exf3 56.Be3 Kf7 57.Nb3 Bd6 58.Bf2 Kf6
59.Nd2 Kg5 60.Nxf3+ Kg4 61.Nh2+ Kh3 62.g4 hxg4 63.Nxg4 Kxg4 64.Bd4 Bd3 65.a4 Kf3
66.axb5 axb5 67.Kc1 Bf4+ 68.Kb2 Ke2 69.Bf6 Kd2 70.Bd4 Bc4 71.Bf6 Kd1 72.Bd4 Bc1+
73.Kb1 Ba2+ 74.Kxa2 Kc2  0-1

[Event "Novgorod op"]
[Site "Novgorod"]
[Date "1999.03.24"]
[Round "6"]
[White "Galliamova, Alisa"]
[Black "Iskusnyh, Sergei"]
[Result "1-0"]
[WhiteElo "2558"]
[BlackElo "2486"]

1.e4 c5 2.Nf3 Nc6 3.d4 cxd4 4.Nxd4 Nf6 5.Nc3 d6 6.Bg5 e6 7.Qd2 Be7 8.O-O-O Nxd4
9.Qxd4 a6 10.f4 b5 11.Bxf6 gxf6 12.e5 d5 13.Kb1 Bd7 14.f5 fxe5 15.Qxe5 Bf6
16.Qe3 O-O 17.Qh3 Rc8 18.Bd3 Qe7 19.Rhe1 Rxc3 20.bxc3 e5 21.Qg4+ Bg7 22.Be4 Qa3
23.Re3 Kh8 24.Rh3 Qe7 25.Rxh7+  1-0

[Event "Novgorod op"]
[Site "Novgorod"]
[Date "1999.03.25"]
[Round "7"]
[White "Yemelin, Vasily"]
[Black "Sargissian, Gabriel"]
[Result "1/2-1/2"]
[WhiteElo "2550"]
[BlackElo "2390"]

1.e4 c5 2.Nf3 d6 3.d4 cxd4 4.Nxd4 Nf6 5.Nc3 Nc6 6.Bg5 e6 7.Qd2 a6 8.O-O-O h6
9.Bf4 Bd7 10.Nxc6 Bxc6 11.Qe1 Be7 12.h4 Qc7 13.f3 b5 14.Bd3 e5 15.Bd2 Nd7
16.Kb1 Rc8 17.Nd5 Bxd5 18.exd5 Nb6 19.f4 Nc4 20.Bc3 O-O 21.fxe5 dxe5 22.Bxc4 Qxc4
23.d6 Bf6 24.d7 Rc7 25.Bxe5 Qxc2+ 26.Ka1 Rxd7 27.Rxd7 Re8 28.Qd1 Qxd1+ 29.Rhxd1 Rxe5
30.g3 Re2 31.R1d2 Re1+ 32.Rd1 Re2 33.R7d2 Re3 34.Rd3 Re2 35.R3d2 Re3 36.Rg2 a5
37.Kb1 a4 38.Kc2 b4 39.Rd3 Re1 40.Rd1 Re3 41.Kd2 Re4 42.Re1 Rd4+ 43.Ke3 Rc4
44.Kd3 Rd4+ 45.Ke3 Rc4 46.Kf3 a3 47.b3 Rc3+ 48.Kg4 Rd3 49.Re4 Bc3 50.Rf2 h5+
51.Kh3 f6 52.Kg2 Kf7 53.Rfe2 Kg6 54.R4e3 Rd1 55.Re7 Rd3 56.Rb7 Rd1 57.Rc7 Rd3
58.Rc4 Rd1 59.g4 Rd3 60.Rf2 Re3 61.gxh5+ Kxh5 62.Rf5+ Kg6 63.Rf3 Re2+ 64.Rf2 Rb2
65.Kf3 Kh5 66.Rg2 f5 67.Rc5 Rxg2 68.Kxg2 Kg4 69.Rc4+ f4 70.Kf2 Bd2 71.Ke2 Bc3
72.Rc6 Bf6 73.h5 f3+ 74.Kf1 Bc3 75.Rc4+ Kg3 76.Re4 Bd2 77.Rd4 Bc3 78.Rd6  1/2-1/2

[Event "IND-ch"]
[Site "Nagpur"]
[Date "1999.03.28"]
[Round "6"]
[White "Ravi, Thandalam Shanmugam"]
[Black "Bakre, Tejas"]
[Result "1/2-1/2"]
[WhiteElo "2336"]
[BlackElo "2333"]

1.e4 c5 2.Nf3 d6 3.d4 cxd4 4.Nxd4 Nf6 5.Nc3 Nc6 6.Bg5 e6 7.Bb5 Bd7 8.Bxc6 bxc6
9.Qf3 Qb6 10.Nb3 Be7 11.e5 dxe5 12.O-O-O Qc7 13.Nb5 Qb8 14.Bxf6 gxf6 15.Rxd7 Qxb5
16.Rhd1 Qb6 17.Na5 Qxa5 18.Qxc6 O-O 19.Rxe7 Rac8 20.Qe4 Qxa2 21.Qg4+ Kh8
22.Qh4 Qa1+ 23.Kd2 Rcd8+ 24.Ke3 Qxd1 25.Qxf6+  1/2-1/2

[Event "Mitropa Cup"]
[Site "Baden"]
[Date "1999.04.02"]
[Round "2"]
[White "Manik, Mikulas"]
[Black "Palac, Mladen"]
[Result "0-1"]
[WhiteElo "2478"]
[BlackElo "2589"]

1.e4 c5 2.Nf3 Nc6 3.d4 cxd4 4.Nxd4 Nf6 5.Nc3 d6 6.Bg5 e6 7.Qd2 a6 8.O-O-O h6
9.Be3 Bd7 10.f4 b5 11.Bd3 Be7 12.Kb1 O-O 13.h3 Nxd4 14.Bxd4 Bc6 15.Qe3 Qc7
16.e5 dxe5 17.Bxe5 Qb7 18.Rhg1 b4 19.Ne2 Ne4 20.g4 Rad8 21.Bxe4 Bxe4 22.Ng3 Bh7
23.f5 Qc6 24.Bxg7 Rxd1+ 25.Rxd1 Rc8 26.c3 Bg5 27.Qe5 exf5 28.Nxf5 bxc3 29.bxc3 Bxf5+
30.gxf5 Re8 31.Qd4 Rd8  0-1

[Event "Dreifluesse op 7th"]
[Site "Passau"]
[Date "1999.04.02"]
[Round "2"]
[White "Premke, Stefan"]
[Black "Drexel, Michael"]
[Result "1/2-1/2"]
[WhiteElo "1720"]
[BlackElo "2200"]

1.e4 c5 2.Nf3 Nc6 3.d4 cxd4 4.Nxd4 Nf6 5.Nc3 d6 6.Bg5 Qb6 7.Nb3 e6 8.Be2 Be7
9.O-O a6 10.Kh1 O-O 11.Qe1 Qc7 12.f4 b5 13.Bf3 b4 14.e5 dxe5 15.fxe5 Nxe5
16.Bxa8 bxc3 17.bxc3 Bd7 18.Bf3 Bb5 19.Be2 Neg4 20.Bf4 Bd6 21.g3 Bc6+ 22.Bf3 Bxf4
23.gxf4 Qxf4 24.Qg3 Bxf3+  1/2-1/2

[Event "Dreifluesse op 7th"]
[Site "Passau"]
[Date "1999.04.04"]
[Round "5"]
[White "Premke, Stefan"]
[Black "Michenka, Jozef"]
[Result "0-1"]
[WhiteElo "1720"]
[BlackElo "2344"]

1.e4 c5 2.Nf3 Nc6 3.d4 cxd4 4.Nxd4 Nf6 5.Nc3 d6 6.Bg5 Bd7 7.Be2 Qa5 8.Bxf6 gxf6
9.Qd2 Rg8 10.g3 Nxd4 11.Qxd4 f5 12.Qd5 Qxd5 13.Nxd5 Rc8 14.Bd3 fxe4 15.Bxe4 f5
16.Bf3 Rxc2 17.O-O Rxb2 18.Rfe1 Kd8 19.Rac1 Bc6 20.Bg2 Rd2 21.Nf4 Bh6 22.Ne6+ Kd7
23.Bxc6+ bxc6 24.Rb1 Kc8 25.Rb3 Rd5 26.Reb1 Rg6 27.Rb8+ Kd7 28.Nc7 Ra5 29.R1b7 Bg5
30.Nb5+ Ke6 31.Nd4+ Kd5 32.Nxf5 Rxa2 33.Nxe7+ Bxe7 34.Rxe7 h6 35.f4 Re6 36.Rbb7 a5
37.f5 Rf6 38.g4 h5 39.h3 hxg4 40.hxg4 c5 41.Rf7 Rxf7 42.Rxf7 Ra4 43.Rg7 c4
44.Kf2 c3 45.Ke2 Kd4 46.Rd7 Ra2+ 47.Kd1 d5 48.f6 Rf2 49.g5 a4 50.f7 a3 51.g6 c2+
52.Kc1 Kc3 53.Rc7+ Kd3 54.Rxc2 Rf1+  0-1

[Event "Dreifluesse op 7th"]
[Site "Passau"]
[Date "1999.04.04"]
[Round "5"]
[White "Zezulkin, Jurij"]
[Black "Enders, Peter"]
[Result "1/2-1/2"]
[WhiteElo "2473"]
[BlackElo "2474"]

1.e4 c5 2.Nf3 Nc6 3.d4 cxd4 4.Nxd4 Nf6 5.Nc3 d6 6.Bg5 e6 7.Qd2 a6 8.O-O-O Bd7
9.f3 Be7 10.h4 Nxd4 11.Qxd4 Rc8 12.Kb1 Qa5 13.Bd2  1/2-1/2

[Event "Dreifluesse op 7th"]
[Site "Passau"]
[Date "1999.04.04"]
[Round "5"]
[White "Grabarska, Barbara"]
[Black "Borriss, Martin"]
[Result "0-1"]
[WhiteElo "2202"]
[BlackElo "2408"]

1.e4 c5 2.Nf3 d6 3.d4 cxd4 4.Nxd4 Nf6 5.Nc3 Nc6 6.Bg5 e6 7.Qd2 a6 8.O-O-O Bd7
9.Be2 b5 10.Nxc6 Bxc6 11.Qe3 Be7 12.e5 Nd5 13.Nxd5 Bxg5 14.f4 Bxd5 15.fxg5 O-O
16.Bf3 Bxf3 17.gxf3 d5 18.f4 Rc8 19.Kb1 Rc4 20.c3 b4 21.cxb4 Rxb4 22.Rhe1 Qa5
23.b3 Rfb8 24.f5 d4 25.Qf3 exf5 26.e6 fxe6 27.Rxe6 f4 28.Rd6 Qxg5 29.Rxa6 Qf5+
30.Kb2 Rc4 31.Rd3 Rc5 32.Rd6 Rbc8 33.R6xd4 Rc2+ 34.Kb1 Rc1+ 35.Kb2 R8c2+
36.Ka3 Qc5+ 37.Rb4 Rxa2+  0-1

[Event "Budapest FS04 GM"]
[Site "Budapest"]
[Date "1999.04.09"]
[Round "7"]
[White "Hoffmann, Michael"]
[Black "Seres, Lajos"]
[Result "1-0"]
[WhiteElo "2407"]
[BlackElo "2428"]

1.e4 c5 2.Nf3 Nc6 3.d4 cxd4 4.Nxd4 Nf6 5.Nc3 d6 6.Bg5 e6 7.Qd2 a6 8.O-O-O Bd7
9.f4 h6 10.Bh4 Nxe4 11.Qe1 g5 12.Nxe4 gxh4 13.Qc3 e5 14.Nf3 Rc8 15.Nxd6+ Bxd6
16.Rxd6 Nd4 17.Qe3 Nxf3 18.gxf3 Rxc2+ 19.Kb1 Rc1+ 20.Kxc1 Qc7+ 21.Bc4 Qxd6
22.Rd1 Qc7 23.Qxe5+ Qxe5 24.fxe5 Bc6 25.Rd6 Rg8 26.Rxh6 Rg1+ 27.Kd2 Rg2+
28.Ke3 Rxh2 29.Rh7 Rxb2 30.Bxf7+ Kf8 31.Bb3 Rh2 32.f4 Rh1 33.f5 Re1+ 34.Kf4 Re4+
35.Kg5  1-0

[Event "Budapest FS04 GM"]
[Site "Budapest"]
[Date "1999.04.09"]
[Round "7"]
[White "Salmensuu, Olli"]
[Black "Csom, Istvan"]
[Result "1/2-1/2"]
[WhiteElo "2449"]
[BlackElo "2455"]

1.e4 c5 2.Nf3 d6 3.d4 cxd4 4.Nxd4 Nf6 5.Nc3 Nc6 6.Bg5 Bd7 7.Qd2 Rc8 8.f4 Nxd4
9.Qxd4 Qa5 10.e5 dxe5 11.fxe5 e6 12.O-O-O Bc6 13.Bb5 Nd5 14.Nxd5 Bxb5 15.Qxa7 Ba6
16.Qb6 Qxb6 17.Nxb6 Rb8 18.c4 h6 19.Be3 Bxc4 20.Nxc4 Rc8 21.b3 b5 22.Kb2 bxc4
23.Rc1 c3+ 24.Rxc3 Ba3+ 25.Kc2 Ke7 26.Bd4 f6 27.Rb1 Bb4 28.Rxc8 Rxc8+ 29.Kd3 f5
30.Rb2 Kd7 31.a4 g5 32.Rc2 Rxc2 33.Kxc2 Kc6 34.Bc3 Bc5 35.Kd3 Kd5 36.a5 Bg1
37.h3 Kc5 38.Bd2 Kb5 39.g4 f4 40.Ke4 Bc5 41.h4 Bf8 42.Be1 Bc5 43.Bd2 Bf8
44.b4 Ka6 45.Kd3 Kb5 46.h5 Be7 47.Be1 Bf8 48.Kc2 Be7 49.Kb3 Bf8 50.Bf2 Be7
51.Bg1 Bf8 52.Bd4 Be7 53.Bc3 Bf8 54.Be1 Be7 55.Bf2 Bf8 56.Bd4 Be7 57.Bg1 Bf8
58.Bf2 Be7 59.Bd4 Bf8 60.Bc3 Be7 61.Kc2 Bf8 62.Kd3 Be7  1/2-1/2

[Event "Golden Cleopatra op 3rd"]
[Site "Cairo"]
[Date "1999.04.11"]
[Round "1"]
[White "Labib, Ibrahim Hasan"]
[Black "Moustafa, Talaat"]
[Result "1/2-1/2"]
[WhiteElo "2405"]
[BlackElo "2265"]

1.e4 c5 2.Nf3 Nc6 3.d4 cxd4 4.Nxd4 Nf6 5.Nc3 d6 6.Bg5 e6 7.Qd2 Be7 8.O-O-O a6
9.Bxf6 gxf6 10.f4 Bd7 11.Be2 Qa5 12.Nb3 Qc7 13.Bh5 Na5 14.f5 Nc4 15.Qe2 Kf8
16.Rhf1 Rc8 17.fxe6 fxe6 18.Qe1 Rg8 19.Nd4 Qa5 20.g4 Qb4 21.Nb3 a5 22.Qh4 Rg7
23.e5  1/2-1/2

[Event "Golden Cleopatra op 3rd"]
[Site "Cairo"]
[Date "1999.04.12"]
[Round "2"]
[White "Berelovich, Aleksandar"]
[Black "El Ghazali, Youssef M"]
[Result "1-0"]
[WhiteElo "2484"]
[BlackElo "2312"]

1.e4 c5 2.Nf3 Nc6 3.d4 cxd4 4.Nxd4 Nf6 5.Nc3 d6 6.Bg5 e6 7.Qd2 a6 8.O-O-O h6
9.Be3 Be7 10.f4 Bd7 11.Kb1 b5 12.Bd3 O-O 13.h3 Nxd4 14.Bxd4 b4 15.Ne2 Bc6
16.Ng3 Qb8 17.Rhf1 Qb7 18.Qe2 a5 19.Bxf6 Bxf6 20.e5 dxe5 21.fxe5 Bg5 22.Qg4 b3
23.cxb3 a4 24.b4 a3 25.h4 Be3 26.Nh5 g6 27.bxa3 Rxa3 28.Bxg6 Bg5 29.hxg5 fxg6
30.Rxf8+ Kxf8 31.Qf4+ Qf7 32.Rd8+ Ke7 33.Qxf7+ Kxf7 34.gxh6 gxh5 35.h7 Be4+
36.Kb2 Bxh7 37.Kxa3 Be4 38.g3 Kg6 39.Rf8 Kg5 40.b5 Bd5 41.Rf4  1-0

[Event "ISR-chT"]
[Site "Israel"]
[Date "1999.04.23"]
[Round "9"]
[White "Tseitlin, Mark D"]
[Black "Tyomkin, Dimitri"]
[Result "1-0"]
[WhiteElo "2490"]
[BlackElo "2504"]

1.e4 c5 2.Nf3 d6 3.d4 cxd4 4.Nxd4 Nf6 5.Nc3 Nc6 6.Bg5 e6 7.Qd2 a6 8.O-O-O h6
9.Nxc6 bxc6 10.Bf4 d5 11.Qe3 Qa5 12.Be2 dxe4 13.Qg3 Nd5 14.Nxd5 cxd5 15.Kb1 g6
16.Be5 Rg8 17.f3 e3 18.f4 Bc5 19.Bd4 Rb8 20.Qxe3 Bxd4 21.Rxd4 Ke7 22.Rhd1 Rd8
23.g4 Rd6 24.b3 Bb7 25.Bf3 Qc5 26.Qf2 Rc8 27.R1d2 Kf8 28.h4 a5 29.Qe1 Ra6
30.f5 a4 31.fxg6 axb3 32.cxb3 fxg6 33.Rc4 dxc4 34.Bxb7 Rac6 35.Bxc8 Rxc8
36.Rc2 c3 37.Qf2+ Ke7 38.Qxc5+ Rxc5 39.Rg2 e5 40.Kc2 Ke6 41.Rg3 e4 42.Rxc3 Ra5
43.a4 Ke5 44.Rc6 Kf4 45.Rxg6 Rc5+ 46.Kd1 Rc3 47.b4 Ra3 48.a5 Ra4 49.Rb6 e3
50.Ke2 Ra2+ 51.Kd3 Ra3+ 52.Kd4 Kxg4 53.Rxh6 Rb3 54.Kc4 Ra3 55.Re6 Kf3 56.a6 e2
57.Rxe2 Kxe2 58.b5 Ra4+ 59.Kc5 Rxh4 60.a7 Ra4 61.b6 Kf3 62.Kc6 Ke4  1-0

[Event "PHI-ch"]
[Site "Quezon City"]
[Date "1999.04.24"]
[Round "4"]
[White "Sanchez, Jo"]
[Black "Bitoon, Richard"]
[Result "1/2-1/2"]
[WhiteElo "2131"]
[BlackElo "2393"]

1.e4 c5 2.Nf3 Nc6 3.d4 cxd4 4.Nxd4 Nf6 5.Nc3 d6 6.Bg5 e6 7.Qd2 a6 8.O-O-O h6
9.Be3 Bd7 10.f3 Qc7 11.Kb1  1/2-1/2

[Event "Budapest FS05 IM"]
[Site "Budapest"]
[Date "1999.05.01"]
[Round "1"]
[White "Bromann, Thorbjorn"]
[Black "Sedlak, Nicola"]
[Result "1/2-1/2"]
[WhiteElo "2250"]
[BlackElo "2349"]

1.e4 c5 2.Nf3 d6 3.d4 cxd4 4.Nxd4 Nf6 5.Nc3 Nc6 6.Bg5 e6 7.Qd2 Be7 8.O-O-O O-O
9.f4 Nxd4 10.Qxd4 Qa5 11.Kb1 h6 12.Bh4 Rd8 13.Bc4 Bd7 14.Rhf1 Rac8 15.Bb3 b5
16.e5 dxe5 17.fxe5 Be8 18.Qf4 Nh5 19.Qg4 Rxd1+ 20.Rxd1 Bxh4 21.Qxh4 b4 22.Nd5 exd5
23.Qxh5 Bc6 24.Qf5 Re8 25.Qf4 Qc5 26.Rf1 Qe7 27.Re1 a5 28.c3 bxc3 29.bxc3 Qd7
30.a4 Qe7 31.Ka2 Rd8 32.Qd4 Rb8 33.g3 Qd7 34.Rd1 Re8 35.Re1 Qh3 36.Re2 Qf1
37.Qd1 Qf3 38.Qd2 Qf1 39.Re1 Qf5 40.Qd4 Kh8 41.Qb6 Bd7 42.Qd4 f6 43.Qf4 Qe6
44.Qd4 fxe5 45.Qxd5 Qxd5 46.Bxd5 Bxa4 47.c4 Bd7 48.c5 Bf5 49.Ka3 e4 50.g4 Re5
51.Bb7 Bxg4 52.Rxe4 Rxe4 53.Bxe4 Bd7 54.c6 Bxc6 55.Bxc6 g5  1/2-1/2

[Event "EST-ch"]
[Site "Tallinn"]
[Date "1999.05.04"]
[Round "4"]
[White "Kulaots, Kaido"]
[Black "Veingold, Aleksandr"]
[Result "1/2-1/2"]
[WhiteElo "2426"]
[BlackElo "2475"]

1.e4 c5 2.Nf3 d6 3.d4 cxd4 4.Nxd4 Nf6 5.Nc3 Nc6 6.Bg5 e6 7.Qd2 a6 8.O-O-O Bd7
9.f4 b5 10.Bxf6 gxf6 11.Kb1 Qb6 12.Nxc6 Bxc6  1/2-1/2

[Event "Dubai op"]
[Site "Dubai"]
[Date "1999.05.05"]
[Round "5"]
[White "Medvegy, Nora"]
[Black "Mohamed, Esam Ahmed Nagib"]
[Result "0-1"]
[WhiteElo "2294"]
[BlackElo "2458"]

1.e4 c5 2.Nf3 d6 3.d4 cxd4 4.Nxd4 Nf6 5.Nc3 Nc6 6.Bg5 e6 7.Qd2 Be7 8.O-O-O O-O
9.f4 h6 10.Bh4 Nxd4 11.Qxd4 Qc7 12.Nb5 Qa5 13.Kb1 e5 14.fxe5 dxe5 15.Qxe5 Be6
16.b3 Ng4 17.Qg3 g5 18.Qe1 Bb4 19.c3 Bc5 20.Bg3 Ne3 21.Bc7 b6 22.Rd2 a6 23.Nd4 Qxc3
24.Be5 Nc2 25.Nxc2 Qxe5 26.h4 g4 27.Bd3 a5 28.Qe2 a4 29.b4 a3 30.Ne3 Bxe3
31.Qxe3 Ra4  0-1

[Event "Budapest FS05 IM"]
[Site "Budapest"]
[Date "1999.05.07"]
[Round "7"]
[White "Bromann, Thorbjorn"]
[Black "Dembo, Yelena"]
[Result "1-0"]
[WhiteElo "2250"]
[BlackElo "2180"]

1.e4 c5 2.Nf3 Nc6 3.d4 cxd4 4.Nxd4 Nf6 5.Nc3 d6 6.Bg5 e6 7.Qd2 Be7 8.O-O-O O-O
9.Nb3 a6 10.Bxf6 Bxf6 11.Qxd6 Bxc3 12.bxc3 Qf6 13.Qg3 e5 14.Bc4 Qe7 15.Qe3 Be6
16.Bxe6 Qxe6 17.Rd5 Ne7 18.Rd3 Rac8 19.Rhd1 Nc6 20.Rd5 Qe7 21.Kb2 b5 22.Qb6 Nb8
23.Na5 h6 24.g3 Rfe8 25.h4 Kh7 26.R1d3 Kh8 27.Rd6 Kh7 28.Nc6 Nxc6 29.Rxc6 Rxc6
30.Qxc6 b4 31.c4 Rd8 32.Rd5 a5 33.c5 a4 34.Rxd8 Qxd8 35.Qd6 Qa5 36.Qb6 Qa8
37.c6 Qc8 38.c7 Qd7 39.Qc5 Qc8 40.Qxe5 g6 41.Qe7 Kg7 42.e5 a3+ 43.Kb3 h5
44.e6 Qa8 45.Qxf7+  1-0

[Event "EST-ch"]
[Site "Tallinn"]
[Date "1999.05.07"]
[Round "7"]
[White "Zjukin, Sergei"]
[Black "Kulaots, Kaido"]
[Result "1/2-1/2"]
[WhiteElo "2398"]
[BlackElo "2426"]

1.e4 c5 2.Nf3 d6 3.d4 cxd4 4.Nxd4 Nf6 5.Nc3 Nc6 6.Bg5 e6 7.Qd2 a6 8.O-O-O Bd7
9.f4 b5 10.Bxf6 gxf6 11.Nxc6 Bxc6 12.Qe3 Qe7 13.Bd3 h5 14.Kb1 Qa7 15.Qh3 b4
16.Ne2 Qc5 17.Qh4 Ke7 18.Ng3 Kd7 19.f5 Qe5 20.Nxh5 Be7 21.Rdf1 a5 22.fxe6+ fxe6
23.Nxf6+ Kc7 24.Qf4 Qxf4 25.Rxf4 Raf8 26.Rhf1 Rxh2 27.g4 Rg2 28.Nd5+ exd5
29.Rxf8 Bxf8 30.exd5 Bxd5  1/2-1/2

[Event "Curitiba"]
[Site "Curitiba"]
[Date "1999.05.20"]
[Round "7"]
[White "Tsuboi, Edson Kenji"]
[Black "Chemin, Vitorio"]
[Result "1/2-1/2"]
[WhiteElo "2330"]
[BlackElo "2280"]

1.e4 c5 2.Nf3 Nc6 3.d4 cxd4 4.Nxd4 Nf6 5.Nc3 d6 6.Bg5 Bd7 7.Qd2 Rc8 8.O-O-O Nxd4
9.Qxd4 Qa5 10.Bd2 a6 11.a3 Qc5 12.Qxc5 Rxc5 13.f3 e6 14.g4 Be7 15.Bf4 Rc6
16.e5 dxe5 17.Bxe5 Rc8 18.Bd3 Bc6 19.Rhf1 O-O 20.h3 Nd5 21.Nxd5 Bxd5 22.Kb1 Rfd8
23.f4 f6 24.Bc3 Bc5 25.Rd2 Rd7 26.Be4 Bxa3 27.f5 Rd6 28.Bxd5 exd5 29.Rfd1 Bc5
30.Rxd5 Rcd8 31.Rxd6 Rxd6 32.Rxd6 Bxd6 33.Kc1 Kf7 34.Kd2 Ke8 35.Kd3 Kd7 36.Ke4 Kc6
37.g5 Be7 38.g6 h5 39.Bd4 a5 40.c4 a4 41.Be3 b6 42.Bd4 Bd8 43.Be3 Be7 44.Bf4 Kc5
45.Be3+ Kxc4 46.Bxb6 Bc5 47.Bxc5 Kxc5 48.Kd3 Kb4 49.Kc2 h4 50.Kb1 a3 51.bxa3+ Kxa3
52.Kc2 Kb4 53.Kd3 Kc5 54.Ke4 Kc4 55.Kf4 Kd4 56.Kg4 Ke4 57.Kxh4 Kxf5 58.Kh5 Ke4
59.h4 f5 60.Kg5 f4 61.h5 f3 62.h6 gxh6+ 63.Kxh6 f2 64.g7 f1=Q 65.g8=Q  1/2-1/2

[Event "Zalakaros Kupa 18th"]
[Site "Zalakaros"]
[Date "1999.05.20"]
[Round "9"]
[White "Molnar, Bela"]
[Black "Ruck, Robert"]
[Result "1/2-1/2"]
[WhiteElo "2367"]
[BlackElo "2492"]

1.e4 c5 2.Nf3 d6 3.d4 cxd4 4.Nxd4 Nf6 5.Nc3 Nc6 6.Bg5 Bd7 7.Qd2 Rc8 8.f4 h6
9.Bxf6 gxf6 10.O-O-O Nxd4 11.Qxd4 Qa5 12.Kb1 h5 13.Be2 Qc5 14.Qd3 h4 15.Nd5 Bg7
16.Ne3 a6 17.Bg4 e6 18.Rhe1 f5 19.exf5 O-O 20.fxe6 Bxe6 21.Bxe6 fxe6 22.Qxd6 Qxd6
23.Rxd6 Rxf4 24.Rxe6 Rf2 25.a4 Rd8 26.Re4 Rd4 27.Rxd4 Bxd4 28.h3 Kf7 29.c3 Ba7
30.Nd5 Rxg2 31.Re7+ Kf8 32.Rxb7 Bf2 33.Rb4 Rh2 34.Rf4+ Kg7 35.Rg4+ Kf7 36.b4 Bg3
37.Nf4 Be1 38.Rg2 Rxg2 39.Nxg2 Bxc3 40.Nxh4 Bxb4 41.Kc2 Ke6 42.Kb3 Be7 43.Ng6 Bg5
44.h4 Bh6 45.Kc4 Kf6 46.h5 Kg5 47.Ne5 Kxh5 48.Nd7 Bd2 49.Nc5 a5 50.Nb3 Be1
51.Kb5 Kg6 52.Nxa5 Kf7 53.Nc6 Ke8 54.Nb4  1/2-1/2

[Event "BUL-ch"]
[Site "Plovdiv"]
[Date "1999.05.23"]
[Round "12"]
[White "Drenchev, Petar"]
[Black "Georgiev, Vladimir"]
[Result "0-1"]
[WhiteElo "2371"]
[BlackElo "2508"]

1.e4 c5 2.Nf3 Nc6 3.d4 cxd4 4.Nxd4 Nf6 5.Nc3 d6 6.Bg5 Qa5 7.Bb5 Bd7 8.Bxf6 gxf6
9.O-O h5 10.Kh1 a6 11.Bxc6 bxc6 12.f4 h4 13.f5 Bh6 14.Nb3 Qe5 15.Qd4 Bf4
16.Qxe5 Bxe5 17.Rf3 Rb8 18.Rb1 e6 19.fxe6 fxe6 20.Na5 Ke7 21.Nc4 Bxc3 22.Rxc3 d5
23.Na5 dxe4 24.Nxc6+ Bxc6 25.Rxc6 Rhc8 26.Rxa6 f5 27.b4 Rxc2 28.h3 e3 29.Ra7+ Kf6
30.Re1 Rxb4 31.Rxe3 Rb1+ 32.Kh2 Rcc1  0-1

[Event "CRO-Cup"]
[Site "Pula"]
[Date "1999.05.24"]
[Round "1"]
[White "Mihalincic, Tomislav"]
[Black "Galic, Zeljko"]
[Result "1/2-1/2"]
[WhiteElo "2143"]
[BlackElo "2391"]

1.e4 c5 2.Nf3 d6 3.d4 cxd4 4.Nxd4 Nf6 5.Nc3 Nc6 6.Bg5 Bd7 7.Qd2 Rc8 8.Nxc6 Bxc6
9.Bd3 e6 10.h3 Be7 11.O-O O-O 12.Be3 a6 13.a4 d5 14.e5 Ne4 15.Nxe4 dxe4 16.Be2 Qxd2
17.Bxd2 Rfd8 18.Bc3 Bc5 19.Rfd1 Rxd1+ 20.Bxd1 e3 21.fxe3 Bxe3+ 22.Kf1 g5
23.Bh5 Bd5 24.Ke2 Ba7 25.Bf3 Bxf3+ 26.Kxf3 Rc4 27.Bd2 h6 28.Bc3 Rf4+ 29.Kg3 Bf2+
30.Kh2 Re4 31.a5 g4 32.hxg4 Rxg4 33.g3 Bxg3+ 34.Kh3 Rg5 35.Rg1 Bf4 36.Rxg5+ Bxg5
37.Kg4 Kg7 38.Kh5 f5 39.b4 f4 40.Bd4 Kf7 41.c4 Ke7 42.Kg4 Kd7 43.Bc3 Kc6
44.Bd4  1/2-1/2

[Event "CRO-Cup"]
[Site "Pula"]
[Date "1999.05.27"]
[Round "4"]
[White "Delchev, Aleksander"]
[Black "Kozul, Zdenko"]
[Result "0-1"]
[WhiteElo "2548"]
[BlackElo "2585"]

1.e4 c5 2.Nf3 d6 3.d4 cxd4 4.Nxd4 Nf6 5.Nc3 Nc6 6.Bg5 e6 7.Qd2 a6 8.O-O-O Bd7
9.Be2 h6 10.Bh4 Rc8 11.f4 Nxe4 12.Nxe4 Qxh4 13.Nf3 Qe7 14.Nxd6+ Qxd6 15.Qxd6 Bxd6
16.Rxd6 Ke7 17.Rhd1 Be8 18.a3 g5 19.fxg5 hxg5 20.Nxg5 Rxh2 21.Bf3 Rc7 22.R6d2 Ne5
23.Be4 f5 24.Nf3 Nxf3 25.Bxf3 e5 26.Re1 e4 27.g4 Rxd2 28.Kxd2 Rd7+ 29.Kc1 Kf6
30.Bd1 Rh7 31.gxf5 Kxf5 32.Kd2 Bb5 33.Rg1 Ke5 34.Rg5+ Kf6 35.Rg3 Kf5 36.b3 Rh2+
37.Ke3 Rh1 38.Bg4+ Ke5 39.c4 Bc6 40.Rh3 Rb1 41.Rh5+ Kd6 42.b4 Rb3+ 43.Kf4 Rc3
44.Rh6+ Kc7 45.b5 axb5 46.cxb5 Bxb5 47.Kxe4 Rc4+ 48.Kf3 Bc6+ 49.Kg3 b5 50.Be6 Rd4
51.Kf2 Rd6 52.Rh7+ Kb6 53.Bb3 Bd5 54.Bc2 Bg8 55.Rg7 Rd2+ 56.Ke3 Rxc2 57.Rxg8 Ka5
58.Kd3 Rc5 59.Rg1 Ka4 60.Kd4 Rc4+ 61.Kd3 Kxa3 62.Rg5 Kb4 63.Rg1 Rc3+ 64.Kd2 Rc5
65.Kd3 Kb3 66.Rg4 Rh5 67.Rg3 Ka4 68.Kc3 Rh2 69.Rg4+ Ka3 70.Rg8 b4+ 71.Kc4 Rh4+
72.Kb5 b3 73.Ra8+ Kb2 74.Rg8 Ka2  0-1

[Event "CRO-Cup"]
[Site "Pula"]
[Date "1999.05.28"]
[Round "5"]
[White "Kutuzovic, Branko"]
[Black "Galic, Zeljko"]
[Result "1/2-1/2"]
[WhiteElo "2465"]
[BlackElo "2391"]

1.e4 c5 2.Nf3 d6 3.d4 cxd4 4.Nxd4 Nf6 5.Nc3 Nc6 6.Bg5 Bd7 7.Qd2 Rc8 8.O-O-O Nxd4
9.Qxd4 Qa5 10.Bd2 g6 11.Kb1 Bg7 12.Nb5 Qb6 13.Qxb6 axb6 14.f3 Bc6 15.Be3 Nd7
16.Bd4 O-O 17.Bxg7 Kxg7 18.Rd4 Rfd8 19.Nc3 Ra8 20.Rb4 Ra5 21.Bb5 Rc8 22.Rd1 Kf8
23.Bc4 Rc5 24.Bf1 Ke8 25.Rd2 Kd8 26.Nd5 Bxd5 27.exd5 R8c7 28.c3 Nf6 29.Rbd4 b5
30.a3 Nd7 31.Rh4 Nf6 32.Rhd4 Nd7 33.Rh4 Nf6 34.Rf4 Ke8 35.Rfd4 Kd8 36.Ka2 Nd7
37.Rh4 Nf6 38.Rf4 Nxd5 39.Rxf7 e6 40.Rf8+ Ke7 41.Rh8 Kf6 42.g3 Ne3 43.Be2 d5
44.f4 Nc4 45.Rd1 Kg7 46.Rd8 Kf6 47.Rh8 Kg7 48.Rd8  1/2-1/2

[Event "Pula op 13th"]
[Site "Pula"]
[Date "1999.05.31"]
[Round "3"]
[White "Kutuzovic, Branko"]
[Black "Podvrsnik, Marko"]
[Result "1-0"]
[WhiteElo "2465"]
[BlackElo "2196"]

1.e4 c5 2.Nf3 d6 3.d4 cxd4 4.Nxd4 Nf6 5.Nc3 Nc6 6.Bg5 e6 7.Qd2 Be7 8.O-O-O O-O
9.Nb3 Qb6 10.f3 Rd8 11.Nb5 Rd7 12.Be3 Qd8 13.N5d4 Qc7 14.g4 a5 15.a4 d5 16.Nxc6 bxc6
17.e5 Ne8 18.Qc3 Bb4 19.Qd4 Ba6 20.Bxa6 Rxa6 21.c3 Be7 22.f4 Rd8 23.Nc5 Bxc5
24.Qxc5 Rb8 25.Qa3 Qb7 26.Bc5 Qb3 27.Qxb3 Rxb3 28.Kc2 Rb7 29.Ra1 Ra8 30.Rhb1 Nc7
31.b4 axb4 32.Rxb4 Rxb4 33.cxb4 f5 34.Bd6 Ne8 35.gxf5 exf5 36.Kc3 Kf7 37.Kd4 Ke6
38.Kc5 Kd7 39.h4 g6 40.Ra2 Ng7 41.a5 Ra6 42.b5 Ne6+ 43.Kb4 cxb5 44.Kxb5 Rc6
45.a6 Nd4+ 46.Ka5 Rc4 47.a7 Nc6+ 48.Kb6 Nxa7 49.Rxa7+  1-0

[Event "Beersheba-Peterburg Kings m"]
[Site "St Petersburg"]
[Date "1999.06.06"]
[Round "2"]
[White "Yemelin, Vasily"]
[Black "Greenfeld, Alon"]
[Result "1-0"]
[WhiteElo "2550"]
[BlackElo "2521"]

1.e4 c5 2.Nf3 Nc6 3.d4 cxd4 4.Nxd4 Nf6 5.Nc3 d6 6.Bg5 e6 7.Qd2 a6 8.O-O-O h6
9.Bf4 Bd7 10.Nxc6 Bxc6 11.Qe1 Be7 12.h4 Qc7 13.f3 O-O-O 14.Bc4 Nd7 15.Qg3 b5
16.Bb3 Nc5 17.a3 g6 18.Kb1 g5 19.hxg5 hxg5 20.Be3 Rxh1 21.Rxh1 Bf6 22.Qf2 g4
23.Ne2 gxf3 24.gxf3 Bb7 25.Ba2 Na4 26.Nd4 d5 27.Rh6 Bxd4 28.Bxd4 dxe4 29.fxe4 Bxe4
30.Bb3 e5 31.Be3 f5 32.Rxa6 Rd1+ 33.Ka2 Nc3+ 34.bxc3 Qxc3 35.Be6+ Kd8 36.Qh4+ Ke8
37.Qh8+  1-0

[Event "CZE-ch"]
[Site "Lazne Bohdanec"]
[Date "1999.06.13"]
[Round "11"]
[White "Jansa, Vlastimil"]
[Black "Stocek, Jiri"]
[Result "0-1"]
[WhiteElo "2467"]
[BlackElo "2537"]

1.e4 c5 2.Nf3 d6 3.d4 cxd4 4.Nxd4 Nf6 5.Nc3 Nc6 6.Bg5 e6 7.Qd2 a6 8.O-O-O h6
9.Be3 Bd7 10.f4 b5 11.Bd3 Qc7 12.Rhe1 Na5 13.e5 b4 14.Ne4 Nxe4 15.Bxe4 Nc4
16.Qf2 d5 17.Bf3 Nxe3 18.Rxe3 Bc5 19.f5 Qb6 20.Red3 exf5 21.Bxd5 Rd8 22.Qf4 g5
23.Qf3 Bxd4 24.Rxd4 Be6 25.Bc6+ Ke7 26.Rd6 f4 27.R1d3 Qg1+ 28.Kd2 Qc5 29.Ba4 Qxe5
30.Qb7+ Kf6 31.Qxb4 Rxd6 32.Qxd6 Qxb2 33.Bb3 Rc8 34.Qxa6 Kg7 35.Qa4 Bxb3
36.Qxb3 Qe5 37.Qb4 Qe6 38.Qd4+ Kg8 39.Qd5 Qb6 40.Qd4 Qa5+ 41.Ke2 Re8+ 42.Kf3 Qe1
43.Rd2 h5  0-1

[Event "Beersheba-Peterburg Kings m"]
[Site "St Petersburg"]
[Date "1999.06.15"]
[Round "10"]
[White "Yemelin, Vasily"]
[Black "Avrukh, Boris"]
[Result "1/2-1/2"]
[WhiteElo "2550"]
[BlackElo "2609"]

1.e4 c5 2.Nf3 d6 3.d4 cxd4 4.Nxd4 Nf6 5.Nc3 Nc6 6.Bg5 e6 7.Qd2 a6 8.O-O-O h6
9.Bf4 Bd7 10.Nxc6 Bxc6 11.Qe1 Be7 12.e5 Nh5 13.Be3  1/2-1/2